| 000 | 01331cam a2200265 4500 | ||
|---|---|---|---|
| 001 | ABS66433 | ||
| 008 | 030226n2002 000 0 eng u | ||
| 035 | _a(Sirsi) u121423 | ||
| 100 | _aCoyle, D. | ||
| 245 | _aPFI: buy now, pay later? | ||
| 260 | _c2002 | ||
| 490 |
_aBuilding Services Journal _v24(12) December 2002, 34-46(10) |
||
| 520 | _aA series of four articles on PFI. The first examines PFI, considers the problems that face those using PFI to fund public building schemes and looks at what needs to be done to improve its credibility. In the second article, EMCOR explains why the construction industry is still going into PFI projects and that the industry needs to learn new ways of managing and working. The third article examines the effect of PFI policy on designers involved in PFI projects. The final article discusses the experience of Whitby Bird in designing for PFI schools and whether the end result is something to be proud of. | ||
| 590 | _aABS | ||
| 650 | _aPUBLIC PRIVATE PARTNERSHIPS | ||
| 650 | _aBUILT ENVIRONMENT-CONSTRUCTION DESIGN | ||
| 650 | _aPUBLIC SECTOR | ||
| 650 | _aPRIVATE SECTOR | ||
| 650 | _aGOVERNMENT POLICY | ||
| 690 | _aMANAGEMENT-BUSINESS MANAGEMENT-FINANCIAL MANAGEMENT | ||
| 700 | _aFletcher, K. | ||
| 700 | _aKennett, S. | ||
| 700 | _aKeelin, A. | ||
| 942 | _n0 | ||
| 999 |
_c72151 _d72151 |
||